[Event "Titled Tuesday intern op 28th Apr"]
[Site "Chess.com INT"]
[Date "2020.04.28"]
[Round "3"]
[White "Ovsiannikov, Maxim"]
[Black "Skatchkov, Valery"]
[Result "0-1"]
[WhiteElo "2409"]
[BlackElo "2242"]
[PlyCount "44"]
[EventDate "2020.04.28"]
[EventType "swiss (blitz)"]
[EventRounds "10"]
[EventCountry "USA"]
[SourceTitle "EXT 2021"]
[Source "ChessBase"]
[SourceDate "2020.10.23"]
[SourceVersion "1"]
[SourceVersionDate "2020.10.23"]
[SourceQuality "1"]

1. d4 Nf6 2. Bg5 Ne4 3. Bh4 d5 4. f3 g5 5. fxe4 gxh4 6. exd5 Qxd5 7. Nc3 Qh5 8. e4 Bg4 9. Be2 Rg8 10. Nf3 Nd7 11. h3 Be6 12. d5 Rxg2 13. dxe6 fxe6 14. Qd3 Bh6 15. Rd1 0-0-0 16. Nd4 Qg6 17. Nxe6 Qxe6 18. Bg4 Qb6 19. Bxd7+ Kb8 20. Rf1 Rxd7 21. Qf3 Rxd1+ 22. Nxd1 Bd2# 0-1

[Event "Titled Tuesday intern op 21st April"]
[Site "Chess.com INT"]
[Date "2020.04.21"]
[Round "2"]
[White "Alvarez Fernandez, Enrique"]
[Black "Ovsiannikov, Maxim"]
[Result "1-0"]
[WhiteElo "2376"]
[BlackElo "2409"]
[PlyCount "77"]
[EventDate "2020.04.21"]
[EventType "swiss (blitz)"]
[EventRounds "10"]
[EventCountry "USA"]
[SourceTitle "EXT 2021"]
[Source "ChessBase"]
[SourceDate "2020.10.23"]
[SourceVersion "1"]
[SourceVersionDate "2020.10.23"]
[SourceQuality "1"]

1. d4 d5 2. Nf3 Nc6 3. Bf4 Bf5 4. e3 Nb4 5. Na3 Nf6 6. h3 c6 7. Be2 e6 8. 0-0 Bd6 9. Bxd6 Qxd6 10. c3 Na6 11. Ne5 Nb8 12. Nc2 Nbd7 13. Nxd7 Qxd7 14. Ne1 0-0 15. Nf3 Qc7 16. Ne5 Nd7 17. Nf3 Rae8 18. c4 dxc4 19. Bxc4 Nb6 20. Bb3 Be4 21. Ne5 Bd5 22. Bc2 h6 23. b3 Nd7 24. Nxd7 Qxd7 25. e4 Re7 26. exd5 exd5 27. Qd3 g6 28. Rae1 Rfe8 29. Re3 Rxe3 30. fxe3 Re7 31. Qe2 Qe6 32. Re1 b5 33. Qf3 f5 34. Kh1 a5 35. g4 fxg4 36. Qxg4 Qxg4 37. hxg4 Kg7 38. Kg2 Rxe3 39. Rxe3 1-0

[Event "Titled Tuesday intern op 21st April"]
[Site "Chess.com INT"]
[Date "2020.04.21"]
[Round "1"]
[White "Ovsiannikov, Maxim"]
[Black "Hnydiuk, Aleksander"]
[Result "0-1"]
[WhiteElo "2409"]
[BlackElo "2411"]
[PlyCount "44"]
[EventDate "2020.04.21"]
[EventType "swiss (blitz)"]
[EventRounds "10"]
[EventCountry "USA"]
[SourceTitle "EXT 2021"]
[Source "ChessBase"]
[SourceDate "2020.10.23"]
[SourceVersion "1"]
[SourceVersionDate "2020.10.23"]
[SourceQuality "1"]

1. d4 Nf6 2. Bg5 d5 3. Nf3 c5 4. dxc5 Ne4 5. Bh4 Nc6 6. Nbd2 Nxc5 7. Nb3 Bf5 8. Nfd4 Nxb3 9. axb3 Bg6 10. e3 Qb6 11. Bb5 e6 12. c4 Bb4+ 13. Kf1 0-0 14. Bxc6 bxc6 15. g4 Bd6 16. Bg3 Rfd8 17. Kg2 dxc4 18. bxc4 Bxg3 19. hxg3 c5 20. b4 cxd4 21. c5 Qc6+ 22. Qf3 Be4 0-1

[Event "Titled Tuesday intern op 14th April"]
[Site "Chess.com INT"]
[Date "2020.04.14"]
[Round "1"]
[White "Ovsiannikov, Maxim"]
[Black "Skawinski, Arkadiusz"]
[Result "0-1"]
[WhiteElo "2409"]
[BlackElo "2384"]
[PlyCount "78"]
[EventDate "2020.04.14"]
[EventType "swiss (blitz)"]
[EventRounds "10"]
[EventCountry "USA"]
[SourceTitle "EXT 2021"]
[Source "ChessBase"]
[SourceDate "2020.10.23"]
[SourceVersion "1"]
[SourceVersionDate "2020.10.23"]
[SourceQuality "1"]

1. d4 d5 2. c4 e6 3. Nf3 Nf6 4. g3 Be7 5. Bg2 0-0 6. 0-0 dxc4 7. Ne5 c5 8. dxc5 Qc7 9. Nxc4 Qxc5 10. b3 Rd8 11. Nbd2 Nc6 12. Bb2 Bd7 13. Rc1 Qh5 14. e3 Qh6 15. Qe2 Be8 16. Rfd1 Nd5 17. Nf3 Bf6 18. Nfe5 Nxe5 19. Nxe5 Bxe5 20. Bxe5 Bc6 21. e4 Nb4 22. a3 Na6 23. b4 Ba4 24. Rxd8+ Rxd8 25. Bf4 Qf6 26. e5 Qe7 27. b5 Nc5 28. Be3 Nd3 29. Rc3 Bxb5 30. Bc5 Qd7 31. Bf1 Ba6 32. Bxa7 Nf4 33. Qe1 Bxf1 34. Kxf1 Nd5 35. Rc1 Qb5+ 36. Kg2 h6 37. Rd1 Rc8 38. Be3 Qa4 39. Rd3 Qe4+ 0-1

[Event "Titled Tuesday intern op 7th April"]
[Site "Chess.com INT"]
[Date "2020.04.07"]
[Round "1"]
[White "Ovsiannikov, Maxim"]
[Black "Roberson, Peter T"]
[Result "0-1"]
[WhiteElo "2409"]
[BlackElo "2437"]
[PlyCount "98"]
[EventDate "2020.04.07"]
[EventType "swiss (blitz)"]
[EventRounds "10"]
[EventCountry "USA"]
[SourceTitle "EXT 2021"]
[Source "ChessBase"]
[SourceDate "2020.10.23"]
[SourceVersion "1"]
[SourceVersionDate "2020.10.23"]
[SourceQuality "1"]

1. d4 Nf6 2. Bg5 d5 3. Nf3 Ne4 4. Bf4 c5 5. dxc5 e6 6. Nbd2 Nxc5 7. e3 Bd6 8. Bb5+ Nc6 9. Bxd6 Qxd6 10. Nd4 0-0 11. Bxc6 bxc6 12. 0-0 e5 13. N4b3 Ne6 14. c4 a5 15. cxd5 cxd5 16. Ne4 Qd8 17. Nec5 Nc7 18. a4 Qe7 19. Qd2 Rd8 20. Rfd1 Bf5 21. Rac1 f6 22. h3 Rdb8 23. Nxa5 Qe8 24. b4 Kh8 25. b5 Qg6 26. Kh2 Ne6 27. Nc6 Nxc5 28. Rxc5 Rb7 29. a5 h5 30. a6 Rb6 31. Ne7 Qg5 32. f4 Qh6 33. Nxf5 Qg6 34. Nh4 Qe4 35. Qd3 Qb4 36. Ng6+ Kg8 37. fxe5 Qxc5 38. Ne7+ Kh8 39. exf6 Rxf6 40. Ng6+ Kg8 41. Ne7+ Kh8 42. Nxd5 Rd8 43. Qe4 Rfd6 44. a7 Qxa7 45. b6 Qb7 46. Qf5 Rxd5 47. Rxd5 Qxd5 48. Qg6 Qd6+ 49. Kh1 Qxg6 0-1

[Event "Titled Tuesday intern op 7th April"]
[Site "Chess.com INT"]
[Date "2020.04.07"]
[Round "8"]
[White "Papp, Levente"]
[Black "Ovsiannikov, Maxim"]
[Result "1-0"]
[WhiteElo "2361"]
[BlackElo "2409"]
[PlyCount "43"]
[EventDate "2020.04.07"]
[EventType "swiss (blitz)"]
[EventRounds "10"]
[EventCountry "USA"]
[SourceTitle "EXT 2021"]
[Source "ChessBase"]
[SourceDate "2020.10.23"]
[SourceVersion "1"]
[SourceVersionDate "2020.10.23"]
[SourceQuality "1"]

1. c4 Nc6 2. Nc3 e5 3. g3 f5 4. Bg2 Nf6 5. e3 Bb4 6. Nge2 0-0 7. 0-0 a5 8. d4 exd4 9. exd4 Qe8 10. Nb5 Qd8 11. a3 Be7 12. Qc2 d6 13. Nf4 Ne4 14. Nd5 Rb8 15. Re1 Be6 16. Bxe4 fxe4 17. Qxe4 Bxd5 18. cxd5 Bf6 19. dxc6 bxc6 20. Qxc6 Rb6 21. Qxc7 Rxb5 22. Qc4+ 1-0

[Event "Titled Tuesday intern op 3rd March"]
[Site "Chess.com INT"]
[Date "2020.03.03"]
[Round "8"]
[White "Ovsiannikov, Maxim"]
[Black "Haring, Viktor"]
[Result "1-0"]
[WhiteElo "2409"]
[BlackElo "2270"]
[PlyCount "67"]
[EventDate "2020.03.03"]
[EventType "swiss (blitz)"]
[EventRounds "10"]
[EventCountry "USA"]
[SourceTitle "EXT 2021"]
[Source "ChessBase"]
[SourceDate "2020.10.23"]
[SourceVersion "1"]
[SourceVersionDate "2020.10.23"]
[SourceQuality "1"]

1. d4 Nf6 2. Bg5 g6 3. Bxf6 exf6 4. h4 Bg7 5. Nh3 0-0 6. Nf4 d5 7. e3 Re8 8. Bd3 Nd7 9. Nd2 c6 10. Qf3 f5 11. 0-0-0 Nf6 12. h5 c5 13. hxg6 hxg6 14. dxc5 Qa5 15. Kb1 Qxc5 16. Nb3 Qb6 17. Nxd5 Nxd5 18. Qxd5 Be6 19. Qc5 Bxb3 20. Qxb6 Bxa2+ 21. Kxa2 axb6+ 22. Kb1 Ra5 23. c3 b5 24. Kc2 b4 25. Ra1 Rxa1 26. Rxa1 bxc3 27. bxc3 Rc8 28. Ra3 b6 29. Rb3 Rc6 30. c4 Rd6 31. Rb5 Kf8 32. Rd5 Rc6 33. Kb3 Ke7 34. Ka4 1-0

[Event "Saratov region op"]
[Site "Saratov"]
[Date "2008.06.01"]
[Round "3"]
[White "Dmitriev, Igor"]
[Black "Ovsiannikov, Maxim"]
[Result "1-0"]
[WhiteElo "2376"]
[BlackElo "2136"]
[PlyCount "85"]
[EventDate "2008.05.30"]
[EventType "swiss"]
[EventRounds "9"]
[EventCountry "RUS"]
[SourceTitle "CBM 124 Extra"]
[Source "ChessBase"]
[SourceDate "2008.07.03"]
[SourceVersion "1"]
[SourceVersionDate "2008.07.03"]
[SourceQuality "1"]

1. d4 Nf6 2. g3 c5 3. Nf3 e6 4. Bg2 Nc6 5. 0-0 cxd4 6. Nxd4 Nxd4 7. Qxd4 Qc7 8. c4 Bc5 9. Qd3 d6 10. Nc3 Bd7 11. Bf4 Rd8 12. Rad1 Bc6 13. Nb5 Bxb5 14. cxb5 Qe7 15. e4 0-0 16. Qc4 Rc8 17. Qa4 Rfd8 18. b4 Bb6 19. Qb3 e5 20. Be3 Bxe3 21. Qxe3 b6 22. Rc1 Qd7 23. a4 Rxc1 24. Rxc1 Rc8 25. Rc3 Rc7 26. Qc1 Ne8 27. Rc6 g6 28. h4 a6 29. Kh2 axb5 30. axb5 Qc8 31. Bh3 Qb7 32. h5 Kg7 33. Qc4 g5 34. Bf5 h6 35. Bh3 Kf8 36. Qd5 Kg7 37. f4 gxf4 38. gxf4 Re7 39. f5 Rc7 40. Qc4 Kh7 41. f6 Rxc6 42. bxc6 Qc7 43. Bd7 1-0

[Event "Geller Memorial op-A 3rd"]
[Site "Odessa"]
[Date "2007.09.15"]
[Round "8"]
[White "Ovsiannikov, Maxim"]
[Black "Garifulin, Alexandr"]
[Result "1/2-1/2"]
[WhiteElo "2081"]
[BlackElo "2328"]
[PlyCount "33"]
[EventDate "2007.09.08"]
[EventType "swiss"]
[EventRounds "9"]
[EventCountry "UKR"]
[SourceTitle "CBM 120 Extra"]
[Source "ChessBase"]
[SourceDate "2007.11.01"]
[SourceVersion "1"]
[SourceVersionDate "2007.11.01"]
[SourceQuality "1"]

1. d4 Nf6 2. c4 c5 3. Nf3 cxd4 4. Nxd4 e5 5. Nc2 Nc6 6. Nc3 Bc5 7. Be3 Bxe3 8. Nxe3 0-0 9. Ned5 Nxd5 10. cxd5 Ne7 11. d6 Ng6 12. e3 b6 13. h4 Bb7 14. h5 Nh8 15. Bc4 Qf6 16. Bd5 Bxd5 17. Qxd5 1/2-1/2

[Event "Geller Memorial op-A 3rd"]
[Site "Odessa"]
[Date "2007.09.11"]
[Round "4"]
[White "Kutsykh, Mikle"]
[Black "Ovsiannikov, Maxim"]
[Result "1-0"]
[WhiteElo "2202"]
[BlackElo "2081"]
[PlyCount "53"]
[EventDate "2007.09.08"]
[EventType "swiss"]
[EventRounds "9"]
[EventCountry "UKR"]
[SourceTitle "CBM 120 Extra"]
[Source "ChessBase"]
[SourceDate "2007.11.01"]
[SourceVersion "1"]
[SourceVersionDate "2007.11.01"]
[SourceQuality "1"]

1. d4 d5 2. c4 Nc6 3. Nf3 Bg4 4. Nc3 dxc4 5. d5 Bxf3 6. exf3 Ne5 7. Qd4 Nd3+ 8. Bxd3 cxd3 9. 0-0 Nf6 10. Bf4 c6 11. d6 Qb6 12. Qe5 e6 13. Na4 Qb5 14. Nc5 Nd7 15. Nxd7 Kxd7 16. Qc3 Qf5 17. Bg3 Bxd6 18. Rad1 Bxg3 19. hxg3 f6 20. g4 Qg6 21. Rxd3+ Kc7 22. Rfd1 Qf7 23. Qd2 Qf8 24. Rd7+ Kb6 25. Qd4+ Ka6 26. Qa4+ Kb6 27. Qb3+ 1-0

[Event "Geller Memorial op-A 3rd"]
[Site "Odessa"]
[Date "2007.09.10"]
[Round "3"]
[White "Ovsiannikov, Maxim"]
[Black "Baranov, Jury"]
[Result "1/2-1/2"]
[WhiteElo "2081"]
[BlackElo "2206"]
[PlyCount "117"]
[EventDate "2007.09.08"]
[EventType "swiss"]
[EventRounds "9"]
[EventCountry "UKR"]
[SourceTitle "CBM 120 Extra"]
[Source "ChessBase"]
[SourceDate "2007.11.01"]
[SourceVersion "1"]
[SourceVersionDate "2007.11.01"]
[SourceQuality "1"]

1. d4 d5 2. c4 c6 3. Nf3 Nf6 4. Nc3 a6 5. c5 Nbd7 6. Bf4 Nh5 7. Bd2 Nhf6 8. Bf4 Nh5 9. Bd2 e5 10. Nxe5 Nxe5 11. dxe5 Qe7 12. e4 Qxe5 13. Be2 d4 14. 0-0 Nf6 15. Na4 Bxc5 16. Nxc5 Qxc5 17. Rc1 Qb6 18. a3 Nxe4 19. Bb4 a5 20. Qd3 axb4 21. Qxe4+ Be6 22. Bc4 0-0 23. Bxe6 fxe6 24. Qxe6+ Kh8 25. Qb3 Rad8 26. Qxb4 Qxb4 27. axb4 Rf5 28. Rfd1 Kg8 29. Rc4 d3 30. f4 Kf7 31. Kf2 g5 32. g3 gxf4 33. g4 Rf6 34. Kf3 Kg6 35. h4 d2 36. h5+ Kg7 37. Rxf4 h6 38. Rxf6 Kxf6 39. Kf4 Rd5 40. b5 Rxb5 41. Rxd2 Rb4+ 42. Kf3 Kg5 43. Rd6 Rb3+ 44. Ke4 Kxg4 45. Rxh6 Rxb2 46. Rh8 Re2+ 47. Kd4 Re7 48. h6 Kg5 49. Kc5 Kg6 50. Kd6 Rh7 51. Rg8+ Kxh6 52. Ke6 Rc7 53. Rg2 c5 54. Kd5 b5 55. Kd6 Rc8 56. Kd7 Rb8 57. Kc7 Rf8 58. Kc6 c4 59. Kxb5 1/2-1/2

[Event "Geller Memorial op-A 3rd"]
[Site "Odessa"]
[Date "2007.09.08"]
[Round "1"]
[White "Ovsiannikov, Maxim"]
[Black "Shilin, Denis"]
[Result "0-1"]
[WhiteElo "2081"]
[BlackElo "2380"]
[PlyCount "58"]
[EventDate "2007.09.08"]
[EventType "swiss"]
[EventRounds "9"]
[EventCountry "UKR"]
[SourceTitle "CBM 120 Extra"]
[Source "ChessBase"]
[SourceDate "2007.11.01"]
[SourceVersion "1"]
[SourceVersionDate "2007.11.01"]
[SourceQuality "1"]

1. c4 e5 2. Nc3 Bb4 3. g3 Bxc3 4. bxc3 d6 5. Bg2 Nc6 6. Nf3 f5 7. 0-0 Nf6 8. d3 0-0 9. Rb1 Qe8 10. c5 d5 11. Qb3 Kh8 12. Bg5 Rb8 13. Bxf6 Rxf6 14. Nd2 e4 15. c4 Nd4 16. Qd1 exd3 17. exd3 Ne2+ 18. Kh1 Nc3 19. Qf3 Nxb1 20. Rxb1 dxc4 21. Nxc4 f4 22. gxf4 Qf8 23. Re1 Be6 24. Ne5 Qxc5 25. Qh5 Bd5 26. Kg1 Qd4 27. Bxd5 Qxd5 28. f5 Rbf8 29. Re4 Kg8 0-1

[Event "Voronezh op-A 11th"]
[Site "Voronezh"]
[Date "2007.06.21"]
[Round "9"]
[White "Slavnova, Dania"]
[Black "Ovsiannikov, Maxim"]
[Result "1/2-1/2"]
[WhiteElo "2345"]
[BlackElo "2054"]
[PlyCount "119"]
[EventDate "2007.06.12"]
[EventType "swiss"]
[EventRounds "9"]
[EventCountry "RUS"]
[SourceTitle "CBM 118 Extra"]
[Source "ChessBase"]
[SourceDate "2007.07.04"]
[SourceVersion "1"]
[SourceVersionDate "2007.07.04"]
[SourceQuality "1"]

1. d4 d5 2. Nf3 Nc6 3. Bg5 Bg4 4. e3 Nf6 5. Be2 h6 6. Bh4 e6 7. Nbd2 Be7 8. 0-0 0-0 9. c3 Ne4 10. Bxe7 Qxe7 11. Ne5 Bxe2 12. Qxe2 Nxe5 13. dxe5 Nxd2 14. Qxd2 f6 15. Qd4 c5 16. exf6 Rxf6 17. Qh4 Rf7 18. Qg4 Raf8 19. Rad1 Rf5 20. Qa4 a6 21. Qc2 Qh4 22. Qe2 Rh5 23. h3 Rg5 24. f4 Rg6 25. Rf3 Rgf6 26. c4 Qh5 27. Qd3 dxc4 28. Qxc4 b5 29. Qd3 c4 30. Qd6 g5 31. g4 Qe8 32. Qe5 Qc6 33. Kf2 gxf4 34. exf4 Qb6+ 35. Qe3 Qc7 36. Kg3 Kg7 37. Rdf1 b4 38. h4 c3 39. bxc3 bxc3 40. g5 hxg5 41. hxg5 Rg6 42. Qxc3+ Qxc3 43. Rxc3 e5 44. Rc7+ Kg8 45. Rc5 exf4+ 46. Kf3 Rd6 47. Kg4 Rd2 48. a4 Rd4 49. Ra5 f3+ 50. Kg3 Rff4 51. Rxf3 Rg4+ 52. Kf2 Rxa4 53. Rff5 Rxa5 54. Rxa5 Kg7 55. Kf3 Rb4 56. Rxa6 Rc4 57. Re6 Rb4 58. Re4 Rxe4 59. Kxe4 Kg6 60. Kf4 1/2-1/2

[Event "Voronezh op-A 11th"]
[Site "Voronezh"]
[Date "2007.06.12"]
[Round "1"]
[White "Chudinovskih, Alexander N"]
[Black "Ovsiannikov, Maxim"]
[Result "1-0"]
[WhiteElo "2399"]
[BlackElo "2054"]
[PlyCount "84"]
[EventDate "2007.06.12"]
[EventType "swiss"]
[EventRounds "9"]
[EventCountry "RUS"]
[SourceTitle "CBM 118 Extra"]
[Source "ChessBase"]
[SourceDate "2007.07.04"]
[SourceVersion "1"]
[SourceVersionDate "2007.07.04"]
[SourceQuality "1"]

1. e4 e6 2. d4 d5 3. Nc3 Bb4 4. e5 c5 5. a3 Bxc3+ 6. bxc3 Qa5 7. Bd2 Qa4 8. Qb1 a6 9. Nf3 Nc6 10. Qb6 c4 11. Be2 Nge7 12. 0-0 0-0 13. Ra2 f6 14. exf6 Rxf6 15. Qc7 Rf8 16. Re1 b5 17. Qg3 Nf5 18. Qh3 Nd6 19. Qh4 Nf5 20. Qh5 Bd7 21. Bf1 Rae8 22. Ne5 Nxe5 23. Rxe5 Nd6 24. f3 Rf5 25. Rxf5 exf5 26. Qg5 Qa5 27. Qg3 Re6 28. Ra1 Qb6 29. Re1 Nf7 30. h4 a5 31. Rxe6 Bxe6 32. Kh2 Qd6 33. Qxd6 Nxd6 34. Bf4 Nb7 35. Kg3 Kf7 36. Be5 Nd8 37. Kf4 Nc6 38. Ke3 g6 39. Bd6 Kf6 40. g3 h5 41. Kd2 Bd7 42. Bg2 Ke6 1-0

[Event "Moscow op 03rd"]
[Site "Moscow"]
[Date "2007.02.01"]
[Round "6"]
[White "Ovsiannikov, Maxim"]
[Black "Pletnev, Evgeniy"]
[Result "0-1"]
[WhiteElo "2058"]
[BlackElo "2299"]
[PlyCount "38"]
[EventDate "2007.01.27"]
[EventType "swiss"]
[EventRounds "9"]
[EventCountry "RUS"]
[SourceTitle "CBM 116 Extra"]
[Source "ChessBase"]
[SourceDate "2007.03.07"]
[SourceVersion "1"]
[SourceVersionDate "2007.03.07"]
[SourceQuality "1"]

1. d4 f5 2. h3 d5 3. c4 e6 4. Nc3 Nf6 5. g4 c6 6. Nf3 Bb4 7. gxf5 exf5 8. Rg1 Qe7 9. Qb3 dxc4 10. Qc2 Be6 11. Ne5 Nbd7 12. Bg5 Qd6 13. Bf4 Qxd4 14. e3 Qe4 15. Qd2 Nxe5 16. Nxe4 Nf3+ 17. Kd1 Nxd2 18. Ng5 Bd5 19. a3 Ba5 0-1

[Event "Moscow op 03rd"]
[Site "Moscow"]
[Date "2007.01.28"]
[Round "2"]
[White "Ovsiannikov, Maxim"]
[Black "Loginov, Anton"]
[Result "1/2-1/2"]
[WhiteElo "2058"]
[BlackElo "2243"]
[PlyCount "48"]
[EventDate "2007.01.27"]
[EventType "swiss"]
[EventRounds "9"]
[EventCountry "RUS"]
[SourceTitle "CBM 116 Extra"]
[Source "ChessBase"]
[SourceDate "2007.03.07"]
[SourceVersion "1"]
[SourceVersionDate "2007.03.07"]
[SourceQuality "1"]

1. c4 e5 2. Nc3 Nf6 3. Nf3 Nc6 4. g3 Bb4 5. Bg2 Bxc3 6. bxc3 0-0 7. 0-0 d6 8. d3 e4 9. Nd4 Ne5 10. Bg5 exd3 11. exd3 h6 12. Bc1 c5 13. Ne2 Bf5 14. Nf4 Rb8 15. Qa4 Nxd3 16. Nxd3 Bxd3 17. Rd1 Be2 18. Re1 Re8 19. Be3 Bg4 20. Qxa7 Bf5 21. Bf4 Be4 22. Bxe4 Nxe4 23. Re3 g5 24. f3 Nf6 1/2-1/2

[Event "Saratov Aratovsky Memorial 6th"]
[Site "Saratov"]
[Date "2006.12.04"]
[Round "8"]
[White "Likhoman, Mikhail"]
[Black "Ovsiannikov, Maxim"]
[Result "0-1"]
[WhiteElo "2245"]
[BlackElo "2100"]
[PlyCount "98"]
[EventDate "2006.11.27"]
[EventType "swiss"]
[EventRounds "9"]
[EventCountry "RUS"]
[SourceTitle "EXT 2008"]
[Source "ChessBase"]
[SourceDate "2007.11.25"]
[SourceVersion "1"]
[SourceVersionDate "2007.11.25"]
[SourceQuality "1"]

1. d4 Nf6 2. c4 c5 3. Nf3 e6 4. Nc3 cxd4 5. Nxd4 Bb4 6. Ndb5 a6 7. Nd6+ Ke7 8. Nxc8+ Qxc8 9. Qb3 Nc6 10. Bd2 Rd8 11. e3 Ke8 12. Be2 d5 13. cxd5 Nxd5 14. 0-0 Nf4 15. exf4 Rxd2 16. Rfe1 Be7 17. Ne4 Nd4 18. Qe3 Nxe2+ 19. Rxe2 Rxe2 20. Qxe2 Qc6 21. Re1 Rc8 22. f5 Qc2 23. g3 Qxe2 24. Rxe2 Rc6 25. Nc3 Bf6 26. fxe6 Rxe6 27. Rxe6+ fxe6 28. Kg2 Kd7 29. Kf3 Bd4 30. Nd1 Kc6 31. Ke4 Kc5 32. f4 b5 33. g4 g6 34. h4 b4 35. b3 h6 36. h5 gxh5 37. gxh5 a5 38. f5 exf5+ 39. Kxf5 Kd5 40. Kf4 Bg1 41. Nb2 Kd4 42. Nc4 a4 43. Nb6 a3 44. Kf5 Kd3 45. Nd5 Bc5 46. Kg6 Kc2 47. Kxh6 Kb2 48. Kg6 Kxa2 49. h6 Kxb3 0-1

[Event "Saratov Aratovsky Memorial 6th"]
[Site "Saratov"]
[Date "2006.11.30"]
[Round "4"]
[White "Karibaeva, Elvira"]
[Black "Ovsiannikov, Maxim"]
[Result "1/2-1/2"]
[WhiteElo "2250"]
[BlackElo "2100"]
[PlyCount "45"]
[EventDate "2006.11.27"]
[EventType "swiss"]
[EventRounds "9"]
[EventCountry "RUS"]
[SourceTitle "EXT 2008"]
[Source "ChessBase"]
[SourceDate "2007.11.25"]
[SourceVersion "1"]
[SourceVersionDate "2007.11.25"]
[SourceQuality "1"]

1. e4 e6 2. d4 d5 3. Nc3 Bb4 4. e5 c5 5. a3 Ba5 6. Nf3 Nc6 7. Bb5 Bxc3+ 8. bxc3 Qa5 9. Bxc6+ bxc6 10. Bd2 Ba6 11. a4 Ne7 12. Ng1 Bc4 13. Ne2 Qa6 14. Bg5 Ng6 15. h4 h6 16. Be3 Rb8 17. Ng3 Qa5 18. Bd2 Kd7 19. Nh5 Rhg8 20. Qf3 Ke7 21. g4 Rbf8 22. Rh3 Qa6 23. Qe3 1/2-1/2

[Event "Rodatychi op"]
[Site "Rodatychi"]
[Date "2006.09.01"]
[Round "9"]
[White "Ovsiannikov, Maxim"]
[Black "Najgebauer, Szemjon"]
[Result "0-1"]
[WhiteElo "2121"]
[BlackElo "2096"]
[PlyCount "76"]
[EventDate "2006.08.27"]
[EventType "swiss"]
[EventRounds "9"]
[EventCountry "UKR"]
[SourceTitle "EXT 2008"]
[Source "ChessBase"]
[SourceDate "2007.11.25"]
[SourceVersion "1"]
[SourceVersionDate "2007.11.25"]
[SourceQuality "1"]

1. c4 Nf6 2. Nc3 d5 3. cxd5 Nxd5 4. g3 g6 5. Bg2 Nxc3 6. bxc3 Bg7 7. Rb1 c6 8. Nf3 0-0 9. 0-0 e5 10. d4 Qa5 11. Qb3 Nd7 12. Rd1 exd4 13. cxd4 Nb6 14. Bd2 Qa6 15. Bb4 Be6 16. Qc2 Rfe8 17. e3 Bf5 18. Qb3 Bxb1 19. Bf1 Bxa2 20. Qb2 Qa4 21. Ra1 Qb3 22. Rxa2 Qxb2 23. Rxb2 Nd5 24. Ba3 b6 25. Bd3 Nxe3 26. Ba6 Rad8 27. Bb7 Nc4 28. Ra2 Nxa3 29. Rxa3 Bxd4 30. Bxc6 Re7 31. Kf1 Bc5 32. Ra1 a5 33. h4 Re6 34. Bb7 h6 35. g4 Kg7 36. g5 h5 37. Ra4 Rd1+ 38. Kg2 Re2 0-1

[Event "Rodatychi op"]
[Site "Rodatychi"]
[Date "2006.08.28"]
[Round "2"]
[White "Vovk, Yuri"]
[Black "Ovsiannikov, Maxim"]
[Result "1-0"]
[WhiteElo "2441"]
[BlackElo "2121"]
[PlyCount "85"]
[EventDate "2006.08.27"]
[EventType "swiss"]
[EventRounds "9"]
[EventCountry "UKR"]
[SourceTitle "EXT 2008"]
[Source "ChessBase"]
[SourceDate "2007.11.25"]
[SourceVersion "1"]
[SourceVersionDate "2007.11.25"]
[SourceQuality "1"]

1. e4 e6 2. d4 d5 3. Nd2 Nf6 4. e5 Nfd7 5. c3 c5 6. Bd3 Nc6 7. Ne2 cxd4 8. cxd4 f6 9. exf6 Qxf6 10. Nf3 h6 11. 0-0 Bd6 12. Be3 0-0 13. Rc1 Rd8 14. a3 e5 15. Qb3 Nb6 16. dxe5 Nxe5 17. Nxe5 Bxe5 18. f4 Bxb2 19. Rc2 Ba1 20. Rfc1 Bb2 21. Rb1 Qe7 22. Bxb6 axb6 23. Qxb2 Qe3+ 24. Kh1 Qxd3 25. Rc3 Qe4 26. Rg3 Qe7 27. Nd4 Re8 28. h3 Ra4 29. Kh2 Qf6 30. Qb5 Re3 31. Rxe3 Qxf4+ 32. Rg3 Rxd4 33. Rc1 Bf5 34. Qe8+ Kh7 35. Rc8 Qxg3+ 36. Kxg3 Bxc8 37. Qxc8 Rd3+ 38. Kf4 Rxa3 39. Qxb7 Ra2 40. Qxd5 Rf2+ 41. Ke5 Rf6 42. Qd3+ Kg8 43. g4 1-0

[Event "Chigorin Memorial 12th"]
[Site "St Petersburg"]
[Date "2004.10.22"]
[Round "7"]
[White "Ovsiannikov, Maxim"]
[Black "Chernov, Vladimir"]
[Result "1-0"]
[WhiteElo "2135"]
[BlackElo "2054"]
[PlyCount "115"]
[EventDate "2004.10.16"]
[EventType "swiss"]
[EventRounds "9"]
[EventCountry "RUS"]
[SourceTitle "EXT 2005"]
[Source "ChessBase"]
[SourceDate "2004.11.15"]
[SourceVersion "1"]
[SourceVersionDate "2004.11.15"]
[SourceQuality "1"]

1. c4 c5 2. Nc3 Nc6 3. g3 e5 4. Bg2 Be7 5. d3 Nf6 6. e4 d6 7. Nge2 0-0 8. 0-0 Ne8 9. Nd5 Nc7 10. f4 exf4 11. gxf4 Bg4 12. h3 Bh5 13. Nxe7+ Qxe7 14. Qe1 Bxe2 15. Qxe2 Ne6 16. Be3 Ned4 17. Qf2 a5 18. Rae1 Rad8 19. Kh1 b6 20. Rg1 Kh8 21. h4 f6 22. Bh3 Qf7 23. Rg2 Rg8 24. Reg1 f5 25. exf5 Nxf5 26. Bd2 d5 27. Rg5 Nce7 28. b3 d4 29. a3 Rd6 30. Be1 Re6 31. Bd2 Rh6 32. R1g4 Ng6 33. Bg2 Nge7 34. Be4 Rf6 35. Qh2 h6 36. Rg1 Rf8 37. Re1 Ne3 38. Bxe3 dxe3 39. f5 Nxf5 40. Rxf5 Rxf5 41. Bxf5 Qxf5 42. Rxe3 Qg4 43. Qg3 Qd1+ 44. Re1 Qxb3 45. Rg1 Qb2 46. Rg2 Qd4 47. Kh2 Rf4 48. Kh3 Qf6 49. Qe1 Rf3+ 50. Rg3 Qf5+ 51. Kg2 Qxd3 52. Rxf3 Qg6+ 53. Kh3 h5 54. Rg3 Qf5+ 55. Kh2 Qc2+ 56. Rg2 Qxc4 57. Qe8+ Kh7 58. Qg6+ 1-0

[Event "Chigorin Memorial 12th"]
[Site "St Petersburg"]
[Date "2004.10.18"]
[Round "3"]
[White "Ovsiannikov, Maxim"]
[Black "Tovmasian, Sergey"]
[Result "0-1"]
[WhiteElo "2135"]
[BlackElo "1975"]
[PlyCount "108"]
[EventDate "2004.10.16"]
[EventType "swiss"]
[EventRounds "9"]
[EventCountry "RUS"]
[SourceTitle "EXT 2005"]
[Source "ChessBase"]
[SourceDate "2004.11.15"]
[SourceVersion "1"]
[SourceVersionDate "2004.11.15"]
[SourceQuality "1"]

1. c4 Nf6 2. Nc3 g6 3. g3 Bg7 4. Bg2 0-0 5. e4 d6 6. Nge2 e5 7. 0-0 Nh5 8. d4 c6 9. Be3 f5 10. f4 fxe4 11. Nxe4 d5 12. cxd5 exf4 13. dxc6 Nxc6 14. gxf4 Bg4 15. d5 Ne7 16. h3 Bxe2 17. Qxe2 Nxd5 18. Rfd1 Kh8 19. Bc5 Nhxf4 20. Qf1 Nxh3+ 21. Bxh3 Rxf1+ 22. Bxf1 Qh4 23. Rxd5 Qxe4 24. Bg2 Qh4 25. Bf2 Qf6 26. Rad1 Rf8 27. R1d2 b6 28. Rd7 Qf4 29. R7d3 Be5 30. Bg3 Qxg3 31. Rxg3 Bxg3 32. Rd7 a5 33. Rb7 Bf2+ 34. Kh2 Re8 35. Bf3 Bc5 36. a3 Re7 37. Rb8+ Kg7 38. Kg2 h5 39. b4 axb4 40. axb4 Be3 41. Rc8 Kf6 42. Bd1 Bf4 43. Kf3 Kg5 44. Rc6 Re3+ 45. Kf2 Rd3 46. Be2 Rd6 47. Rc8 Rf6 48. Kg2 Kh4 49. b5 g5 50. Bd3 g4 51. Rd8 Be3 52. Re8 Rf2+ 53. Kg1 Bc5 54. Kh1 Kg3 0-1